000 00565nam a2200193Ia 4500
005 20250923144851.0
008 008 250917s9999 xx 000 0 eng d
037 _aTextual
040 _aDSWL
_beng
_cDSWL
041 _aeng
_2eng
084 _aT4:71.2'N2, N36
_qDSWL
100 _aChandra, Prabodh
_9829224
245 0 _aStudent movement in India
_cby Prabodh Chandra
260 _aDelhi
_bAll India Students Federa
_c1936
300 _aviii,160p.
365 _aINR
942 _cTEXL
_hT4:71.2'N2, N36
999 _c1444348
_d1444348